000 00384cam a2200157ua 4500
041 _aeng
_h
082 _a823.301
_bCAS/SH
100 _aCassel, .
245 _aShort stories by guy de maupassant /
_cCassel.
_hTextual Documents
250 _a6 /
_b.
260 _aLondon :
_bCassel and co. ltd ,
_c1961.
300 _a815 ; .
504 _a
942 _cBK
999 _c4066
_d4066